• 首页
  • 本馆介绍
  • 公告通知
  • 最新文献
  • 馆藏检索
  • 电子资源
  • 读者导购
  • 参考咨询
  • 我的图书馆
  • 登录
  • 详细信息显示
  • 放入我的书架
  • 预约/预借图书
  • 作者相关作品
  • 分类相关作品
  • 丛书相关作品
  • 出版社相关作品

书目信息

  • 表格格式
  • 工作单格式
  • 卡片格式
题名:
物理天文学前沿
    
 
作者: 霍伊尔 , 纳里卡 著 ;何香涛 , 赵君亮 译
分册: 下  
出版信息: 长沙   湖南科学技术出版社  2018
页数: 2册(21,575页)
开本: 21cm
丛书名: 第一推动丛书
单 册:
中图分类: P14-49 , P1-49
科图分类:
主题词: 天体物理学--普及读物 , 天文学--普及读物
电子资源:
ISBN: 978-7-5357-9451-2
000 01432oam2 2200361 450
001 3523
005 20180528105003.28
010    @a978-7-5357-9451-2@dCNY39.00
100    @a20180513d2018 em y0chiy50 ea
101 1  @achi@ceng
102    @aCN@b430000
105    @aa z 000yy
200 1  @a物理天文学前沿@9wu li tian wen xue qian yan@dThe physics-astronomy frontier@h下@f(英)F. 霍伊尔(Fred Hoyle), (印)J. 纳里卡(Jayant Narlikar)著@g何香涛, 赵君亮译@zeng
210    @a长沙@c湖南科学技术出版社@d2018
215    @a2册(21,575页)@c图@d21cm
225 2  @a第一推动丛书@i宇宙系列@v09
305    @a由作者Jayant Narlikar授权出版 根据Freeman公司1980年版本译出
306    @a本书限中国大陆发行
314    @aF.霍伊尔(FredHoyle),英国著名天文学家,宇宙稳恒态学说创始人。在有关领域贡献良多(如关于恒星演化过程中的理论的建立)。
330    @a本书从物理学观点来阐述天文学的前沿问题。作者用非数学方法的论述,使艰深的前沿课题变得通俗易懂。
461  0 @12001 @a第一推动丛书
462  0 @12001 @a宇宙系列
510 1  @aPhysics-astronomy frontier@zeng
606 0  @a天体物理学@j普及读物
606 0  @a天文学@j普及读物
690    @aP14-49@v5
690    @aP1-49@v5
701  1 @c(英)@a霍伊尔@9huo yi er@g(Hoyle, Fred)@4著
701  1 @c(印)@a纳里卡@9na li ka@g(Narlikar, Jayant)@4著
702  0 @a何香涛@9he xiang tao@4译
702  0 @a赵君亮@9zhao jun liang@4译
801  0 @aCN@b91MARC@c20180513
905    @aMuseLib@dP14-49@e213:2
    
    物理天文学前沿=The physics-astronomy frontier.下/(英)F. 霍伊尔(Fred Hoyle), (印)J. 纳里卡(Jayant Narlikar)著/何香涛, 赵君亮译.-长沙:湖南科学技术出版社,2018
    2册(21,575页):图;21cm.-(第一推动丛书.宇宙系列;09)
    
    
    ISBN 978-7-5357-9451-2:CNY39.00
    本书从物理学观点来阐述天文学的前沿问题。作者用非数学方法的论述,使艰深的前沿课题变得通俗易懂。
●
相关链接 在E读中查询图书 在五车中查询图书 在当当中查询图书 在豆瓣中查询图书


正题名:物理天文学前沿     索取号:P14-49/213:2         预约/预借

序号 登录号 条形码 馆藏地/架位号 状态 备注
1 1109540   211095401   第二样本阅览室/ [索取号:P14-49/213:2] 在馆    
2 1109541   211095410   教育系资料室/ [索取号:P14-49/213:2] 在馆    
3 1109542   211095429   教育系资料室/ [索取号:P14-49/213:2] 在馆    
4 1109543   211095438   第三借阅区/ [索取号:P14-49/213:2] 在馆    
唐山师范学院图书馆 欢迎您!
大连网信软件有限公司© 版权所有